ბათუმის შოთა რუსთაველის სახელმწიფო უნივერსიტეტის ბიბლიოთეკა

Краткий курс теории функции вещественной переменной (ბიბ.ჩანაწერი № 48162)

000 -LEADER
fixed length control field 00603nam a2200205Ia 4500
001 - CONTROL NUMBER
control field 15044
003 - CONTROL NUMBER IDENTIFIER
control field GE_BSU
008 - FIXED-LENGTH DATA ELEMENTS--GENERAL INFORMATION
fixed length control field 181216s||||||||xx |||||||||||||| ||und||
040 ## - CATALOGING SOURCE
Transcribing agency GE_BSU
100 ## - MAIN ENTRY--PERSONAL NAME
Personal name Вулих, Б.З;
245 ## - TITLE STATEMENT
Title Краткий курс теории функции вещественной переменной
245 ## - TITLE STATEMENT
Remainder of title Введение в теорию интеграла
250 ## - EDITION STATEMENT
Edition statement 2-е изд.
260 ## - PUBLICATION, DISTRIBUTION, ETC.
Place of publication, distribution, etc. Москва
260 ## - PUBLICATION, DISTRIBUTION, ETC.
Name of publisher, distributor, etc. Наука
260 ## - PUBLICATION, DISTRIBUTION, ETC.
Date of publication, distribution, etc. 1973
300 ## - PHYSICAL DESCRIPTION
Extent 350стр.21см.
653 ## - INDEX TERM--UNCONTROLLED
Uncontrolled term Математический анализ.
942 ## - ADDED ENTRY ELEMENTS (KOHA)
Koha item type წიგნი
ეგზემპლარები
Withdrawn status Lost status Damaged status Not for loan Date acquired Barcode Date last seen Price effective from Koha item type
        2018-12-17 15298 2018-12-17 2018-12-17 წიგნი
        2018-12-17 17338 2018-12-17 2018-12-17 წიგნი